[Event "Interzonal-15"]
[Site "Manila"]
[Date "1990.??.??"]
[Round "8"]
[White "Dzindzichashvili, Roman"]
[Black "Agdestein, Simen"]
[Result "1/2-1/2"]
[WhiteElo "2560"]
[BlackElo "2600"]
[Annotator "Horn,Pe"]
[PlyCount "34"]
[EventDate "1990.06.29"]
[EventType "swiss"]
[EventRounds "13"]
[EventCountry "PHI"]
[SourceTitle "CBM 019"]
[Source "ChessBase"]
[SourceDate "1990.12.01"]
[SourceVersion "1"]
[SourceVersionDate "1990.12.01"]
[SourceQuality "1"]

1. Nf3 e6 2. g3 b5 3. Bg2 Bb7 4. O-O Nf6 5. d3 Be7 6. a4 b4 7. e4 d5 {Viele
Spiele bevorzugen einen Aufbau mit d7-d6.} 8. Nbd2 c5 9. Re1 Nc6 (9... O-O 10.
e5 Nfd7 11. Nf1 Nc6 12. h4) 10. b3 (10. e5 {Die prinzipielle Fortsetzung.} Nd7
11. Nf1) 10... Rc8 11. Bb2 O-O 12. h4 Na5 13. exd5 exd5 14. Ne5 Rc7 15. Nf1 Bc8
16. Ne3 d4 17. N3c4 Nxc4 1/2-1/2

[Event "Interzonal-15"]
[Site "Manila"]
[Date "1990.??.??"]
[Round "4"]
[White "Yudasin, Leonid"]
[Black "Mascarinas, Rico"]
[Result "1-0"]
[WhiteElo "2615"]
[BlackElo "2465"]
[Annotator "Horn,Pe"]
[PlyCount "65"]
[EventDate "1990.06.29"]
[EventType "swiss"]
[EventRounds "13"]
[EventCountry "PHI"]
[SourceTitle "CBM 019"]
[Source "ChessBase"]
[SourceDate "1990.12.01"]
[SourceVersion "1"]
[SourceVersionDate "1990.12.01"]
[SourceQuality "1"]

1. e4 c5 2. Nf3 d6 3. g3 Nc6 4. Bg2 Nf6 5. d3 g6 6. O-O Bg7 7. Re1 O-O 8. c3 e5
9. Nbd2 Re8 10. a3 $6 (10. a4) 10... b5 11. a4 b4 12. Nc4 Rb8 13. h3 $2 (13.
Bg5 h6 14. Bxf6 Bxf6 15. Ne3 bxc3 16. bxc3 Be6 {Feuerstein-Reshevsky, USA-ch
1972} 17. Qc2 $1 Na5 18. Nd2 Bg5 19. Rab1 $10) 13... bxc3 14. bxc3 d5 $1 15.
exd5 Nxd5 16. Qc2 (16. Bd2 e4 $1) 16... Nxc3 17. Bb2 (17. Qxc3 $2 e4) 17... e4
(17... Nd5 18. Ncxe5 Nxe5 19. Bxe5) 18. dxe4 (18. Bxc3 Bxc3 19. Qxc3 exf3 20.
Bxf3 Nd4) 18... Nd4 19. Nxd4 cxd4 20. Bxc3 dxc3 21. Rad1 (21. e5 Ba6) 21... Qe7
$2 (21... Qc7 $17) 22. e5 Qb4 23. Bd5 Bf5 24. Qa2 c2 25. Bxf7+ Kh8 26. Rc1 Re7
27. Ne3 Rxe5 28. Nxc2 Rxe1+ 29. Nxe1 Bxh3 (29... Bb2 30. Rd1 Bxh3 $10) 30. Be6
Bxe6 31. Qxe6 Qxa4 $4 (31... Qb7) 32. Rc8+ Rxc8 33. Qxc8+ 1-0

[Event "Ciocaltea Memorial"]
[Site "Bucharest"]
[Date "1998.??.??"]
[Round "2"]
[White "Vajda, Levente"]
[Black "Nisipeanu, Liviu Dieter"]
[Result "1-0"]
[WhiteElo "2440"]
[BlackElo "2610"]
[Annotator "Marin,M"]
[PlyCount "55"]
[EventDate "1998.02.??"]
[EventType "tourn"]
[EventRounds "13"]
[EventCountry "ROU"]
[EventCategory "11"]
[SourceTitle "CBM 064"]
[Source "ChessBase"]
[SourceDate "1998.06.02"]
[SourceVersion "1"]
[SourceVersionDate "1998.06.02"]
[SourceQuality "1"]

1. e4 c5 2. Nf3 d6 3. c3 Nf6 4. d3 g6 5. g3 Bg7 6. Bg2 O-O 7. O-O Nc6 8. a4 Rb8
9. h3 (9. Na3 a6 10. Qe2 b5 (10... Ne8 11. Rd1 e5 12. Nc4 b5 13. axb5 axb5 14.
Ne3 Nc7 15. Ne1 Bd7 16. N1c2 f5 17. Nd5 Nxd5 18. exd5 Na5 19. Bg5 Qxg5 20. Rxa5
f4 {0-1 Czerniak,M-Evans,L/Varna olm 1962/MCD-ol (41)}) 11. axb5 axb5 12. h3
Nd7 13. Bd2 Qb6 14. Nh4 Ba6 15. Nc2 b4 16. Ne3 Nde5 17. c4 Nd4 18. Qd1 Bb7 19.
Bc1 Ra8 {Theuretzbacher,K-Baumegger,S/AUT-chT 1994/TD 94\03/0-1 (45)}) 9... a6
10. Be3 b5 11. axb5 axb5 12. Nbd2 b4 13. Re1 $6 (13. d4 $142) 13... Bb7 14. Nc4
bxc3 15. bxc3 d5 16. Ncd2 dxe4 17. dxe4 Nd7 18. Qc2 Nde5 19. Nxe5 Nxe5 20. f4
Qd3 21. Qc1 Nc6 $6 (21... Nd7 $142 22. Ra3 e5 23. Bf1 Qd6 $15) 22. Ra3 e5 23.
Bf1 Qd7 (23... Qd6 24. Nb3 $16) 24. Bxc5 exf4 25. gxf4 Rfc8 $2 (25... Nd8 $5
26. Bxf8 Bxf8 $44) 26. Nc4 Qe6 27. Qe3 Ne7 (27... Rd8 $142 28. Rea1 $16) 28.
Nd6 (28. Nd6 Rxc5 29. Qxc5 Bf8 30. Qc7 Nc6 31. Rd1 Be7 32. Ra7 Bd8 33. Qxb8
Nxb8 34. Rxb7 $18) 1-0

[Event "ROM-chT"]
[Site "Baile Tusnad"]
[Date "1997.??.??"]
[Round "?"]
[White "Ionescu, Constantin"]
[Black "Nevednichy, Vladislav"]
[Result "1-0"]
[WhiteElo "2515"]
[BlackElo "2535"]
[Annotator "Marin,M"]
[PlyCount "107"]
[EventDate "1997.??.??"]
[EventType "team"]
[EventRounds "5"]
[EventCountry "ROU"]
[SourceTitle "EXT 1999"]
[Source "ChessBase"]
[SourceDate "1998.11.16"]
[SourceVersion "1"]
[SourceVersionDate "1998.11.16"]
[SourceQuality "1"]

1. Nf3 Nf6 2. g3 g6 3. b3 Bg7 4. Bb2 O-O 5. Bg2 c5 6. c4 Nc6 7. O-O d5 8. cxd5
Nxd5 9. Bxg7 Kxg7 10. d4 $14 Qa5 $4 (10... cxd4 11. Nxd4 $14) 11. e4 Nf6 12. d5
Rd8 13. Nbd2 Nb4 14. a3 Na6 15. Qc2 $16 Bg4 16. Ne5 Qc7 17. Qc3 Bd7 18. Ndc4
Kg8 19. Ne3 Be8 20. Rfd1 h5 21. Rac1 Rab8 22. Nd3 Nh7 23. e5 b5 24. b4 c4 25.
Nf4 Qb6 26. d6 e6 {[#]} 27. Ned5 $1 exd5 28. Nxd5 {ףb6} Bd7 (28... Qb7 29.
Ne7+ Kf8 30. Bxb7) 29. Nxb6 Rxb6 30. Bd5 Nf8 31. Qf3 Be6 32. Qf6 Rd7 33. Bxe6
Nxe6 34. a4 bxa4 35. Rxc4 Rb8 36. b5 Nac5 37. Qf3 Rdd8 38. Rdc1 Nb3 39. Rc7 Rf8
40. Rd1 Nbd4 41. Qf6 Rxb5 42. Rxa7 Rxe5 43. Rxa4 Rf5 44. Qe7 Ne2+ 45. Kf1 Nc3
46. Raa1 Nxd1 47. Rxd1 Ra5 48. d7 Raa8 49. Rd6 Rfb8 50. Rxe6 fxe6 51. f4 Rf8
52. Kg2 Ra2+ 53. Kh3 Rd2 54. Kh4 1-0

[Event "Andorra op 15th"]
[Site "Andorra"]
[Date "1997.??.??"]
[Round "6"]
[White "Marin, Mihail"]
[Black "Georgiev, Vladimir"]
[Result "1/2-1/2"]
[WhiteElo "2545"]
[BlackElo "2515"]
[Annotator "Marin,M"]
[PlyCount "63"]
[EventDate "1997.07.??"]
[EventType "swiss"]
[EventRounds "9"]
[EventCountry "AND"]
[SourceTitle "CBM 058 Extra"]
[Source "ChessBase"]
[SourceDate "1997.07.29"]
[SourceVersion "1"]
[SourceVersionDate "1997.07.29"]
[SourceQuality "1"]

1. Nf3 Nf6 2. g3 g6 3. b4 Bg7 4. Bb2 d6 5. Bg2 O-O 6. O-O e5 7. d3 c6 8. Nbd2
Re8 9. e4 a5 10. a3 axb4 11. axb4 Rxa1 12. Qxa1 Na6 13. Qa3 Qc7 14. Re1 d5 15.
c4 dxe4 (15... d4 16. c5) (15... dxc4 16. Nxc4) 16. Nxe4 (16. dxe4 c5 17. b5
Nb4) 16... Nxe4 17. Rxe4 c5 (17... f6 18. d4 f5 (18... Bf5 19. Re1 e4 20. Nh4
$16 (20. Nd2)) 19. Re1 e4 20. Ne5 {/\g4, f3, פa6}) 18. bxc5 (18. b5 Nb4 19. b6
Qxb6 20. Nxe5 f6 21. Qa4 Rd8) 18... Nxc5 19. Re3 $14 Bd7 $8 (19... Bf5 20. d4
Nd3 21. Rxd3 Bxd3 22. Qxd3 e4 23. Qe2 $18) 20. Ng5 (20. Qa1 f6 21. d4 exd4 22.
Rxe8+ Bxe8 23. Nxd4 $14) 20... h6 (20... Bh6 21. h4 f6 22. Bd5+ Kg7 23. d4) 21.
Ne4 Nxe4 22. Bxe4 Bf8 23. Qb3 Bc5 24. Re1 b6 25. Bd5 Kg7 (25... Bh3 26. Qc3 Bd4
27. Qxd4 exd4 28. Rxe8+ Kg7 29. Bxd4+ f6 30. Rg8+ Kh7 31. Bxf6) 26. Qd1 f6 27.
Kg2 Bc6 28. d4 exd4 29. Rxe8 Bxe8 30. Bxd4 Bxd4 31. Qxd4 Bf7 32. Bxf7 1/2-1/2

[Event "American Continental 14th"]
[Site "Montevideo"]
[Date "2018.06.10"]
[Round "11"]
[White "Liang, Awonder"]
[Black "Mekhitarian, Krikor Sevag"]
[Result "1/2-1/2"]
[WhiteElo "2571"]
[BlackElo "2546"]
[Annotator "Mekhitarian,K"]
[PlyCount "104"]
[EventDate "2018.06.01"]
[EventType "swiss"]
[EventRounds "11"]
[EventCountry "URU"]
[SourceTitle "CBM 185"]
[Source "ChessBase"]
[SourceDate "2018.07.13"]
[SourceVersion "1"]
[SourceVersionDate "2018.07.13"]
[SourceQuality "1"]

1. b3 c5 2. Bb2 Nc6 3. e3 Nf6 4. Nf3 g6 $1 {A good move order against this
setup from White.} 5. Bb5 (5. Bxf6 {is not really appealing once White has
already weakened some dark squares on the queenside.} exf6 6. c4 Bg7 7. Nc3 O-O
8. Rc1 f5 9. Be2 Re8 10. g3 b6 11. O-O Bb7 12. d4 d6 $15 {0-1 (34) Sailer,D 
(2256)-Bernasek,J (2381) Marianske Lazne 2004}) (5. c4 {is another sensible
move} Bg7 6. Be2 O-O 7. Nc3 e5 8. O-O d5 9. cxd5 Nxd5 $15 {0-1 (38) Kuzmicz,K 
(2460)-Klekowski,M (2509) Poland 2018, with a good hedgehog position.}) (5. d4
{is not a big deal either; Black has a fine position after:} cxd4 6. exd4 d5
$11 {with a reversed Catalan, when White (normally Black), already committed
to b3-Bb2, something that is pretty good for Black.}) 5... Bg7 6. O-O O-O 7.
Bxc6 (7. Na3 {doesn't look like a good move, showing that White already isn't
very happy about his position} d6 8. Re1 e5 9. e4 a6 10. Bf1 b5 11. c3 Re8 12.
Nc2 Bb7 13. d3 d5 $1 $17 {0-1 (65) Kogan,A (2485)-Vokac,M (2455) Lazne
Bohdanec 1996}) 7... bxc6 8. c4 d6 $1 {[%cal Re7e5] Preparing ...e5 with a
superb position, White is forced to play d4.} 9. d4 Nh5 {[%cal Rg7b2,Re6e5,
Re7e5] A very odd-looking move. The idea is to create some pressure on d4, and
at the same time prepare ideas with ...e5.} 10. Nc3 cxd4 11. exd4 Qc7 12. Re1
Bg4 (12... e5 $5 {would be another way to justify the plan with ...Nh5} 13. c5
$5 {was something that scared me during the game} (13. dxe5 $2 dxe5 $17 {
...Bg4 is coming with ...Nf4, and White is in trouble already}) 13... exd4 14.
cxd6 Qxd6 15. Ne4 {Black has the bishop pair so, generally, he shouldn't be
worried about opening the position that much. But I wasn't so sure if the
central activity that White has would compensate.} Qb4 $1 $13 {The computer
still evaluates the position as complicated.}) 13. d5 Qa5 $1 {[%csl Rc3]
threatening the knight and ...cxd5 at the same time; White should play 14.h3
now.} 14. h3 Bxf3 (14... Bxh3 $4 {this very optimistic move runs into the
simple 15.Nd4! when Black is in deep trouble.} 15. Nd4 $1 $16 {[%cal Rg2h3,
Rd4c6]}) 15. Qxf3 cxd5 16. cxd5 {[%csl Rd5] This pawn will be an issue for
White in many positions. The main problem is that whenever this pawn falls,
Black will have a massive majority in the centre (5x3). On the other hand,
white has a majority on the queenside as well (2x1), but as long as Black
keeps the initiative, the d5-weakness will be more problematic.} (16. g4 $1 {
was the best chance.} Nf4 17. Qxf4 Bxc3 18. Bxc3 Qxc3 19. cxd5 Rfe8 20. Kg2 $11
{with a balanced position. As happened in the game, preserving the knights is
much more beneficial for Black.}) 16... Rac8 17. Na4 Rfe8 (17... e5 $5 {
is the computer suggestion. It did not even cross my mind to ruin the pawn
structure like this. If White does not take, then ...Nf4 hitting the d4-pawn
is in the air. 18.dxe6 looks natural.} 18. dxe6 fxe6 19. Qe4 Nf4 20. Bxg7 Kxg7
{Qg5 is a big threat now.} 21. Kh2 $1 {This looks extremely shaky for Black, I
would never go into this, even if I had seen the idea. Somehow, the computer
still likes Black.} Qd2 {[%csl Rf2]} 22. Rf1 Qd5 $1 {Now it becomes clear that
Black will have a strong centre, and the king helps on f7 or e7.} 23. Qxd5 Nxd5
$15 {[%cal Rc8c2]}) 18. Bxg7 Kxg7 19. Nb2 Nf6 $15 {[%csl Rd5]} 20. Red1 Qb5 (
20... Qc3 $5 {I was happy to exchange queens, since the d5-weakness will be
easier to attack and also it decreases the dynamic factors in the position and
increases the importance of strategic factors. For some reason, I missed this
move and I tried to exchange queens differently.}) 21. Rd2 Qb4 22. Qe2 $6 (22.
Qd1 $1 {was the best move here, questioning my whole plan.}) 22... Qe4 $1 23.
Qxe4 $2 (23. Rad1 {was necessary.} Qxe2 24. Rxe2 Rc5 25. Nc4 a5 $15 {[%cal
Ra5a4] Another plan I had here is to create a weakness on b3, when it may
become hard for White to defend everything at the same time.}) 23... Nxe4 $17 {
Now White is in trouble, my pieces are invading the queenside, either ...Nc3
or ...Rc2.} 24. Rd4 Nc3 25. Rd3 Rc5 $6 (25... Ne2+ $1 {was simply winning a
pawn, and White has a very poor position. We both missed this idea} 26. Kf1
Rc1+ 27. Rd1 (27. Rxc1 Nxc1 $19 {[%cal Gc1a2]}) 27... Rxa1 28. Rxa1 Nc3 $19 {
Black will win a pawn, and White remains very passive. The endgame should be
hopeless.}) 26. b4 Ne2+ (26... Rc7 $1 $17 {kept great perspectives in the
endgame.}) 27. Kf1 Rc2 28. Nd1 $1 Nc1 {28...Rec8 was my initial idea, but then
I started to feel unhappy about 29.Re3, and then I thought, why not trap my
own knight on c1 and potentially lose it?} (28... Rec8 29. Re3 Nc3 {I didn't
think this would bring me any advantage.} 30. Nxc3 (30. Rxe7 Nxd1 31. Rxd1 Rxa2
$15) 30... R8xc3 31. Rxe7 Rb2 $15 {This endgame should be drawn, but Black
keeps the initiative.}) 29. Ra3 Rc7 (29... Rec8 $1 30. Rxa7 Rd2 $132) 30. Ke1
Rec8 31. Ne3 f5 $2 {[%cal Rf5f4] Now I'm losing!} (31... e6 $1 {was the last
chance, trying to question the stability of White's knight on c3.} 32. dxe6
fxe6 33. Kd2 d5 $132 {[%cal Rd5d4]}) 32. g3 Kf6 33. Kd2 Ke5 34. b5 $2 {[%cal
Ra3a6,Ra6c6] My opponent wanted to play Ra6 followed by Rc6, a plan that I
missed completely. Anyway, I have to go for ...g5 to prepare ...f4 and create
some sort of chaos.} (34. f4+ $1 Ke4 35. Rb1 $18 {followed by b5 and Rb4+
would force me to give up the knight somehow to stop checkmate.}) 34... g5 $1
$132 35. f4+ (35. Ra6 {also forces an equal endgame:} f4 36. gxf4+ gxf4 37. Rc6
fxe3+ 38. fxe3 Nxa2 39. Rxa2 Kxd5 40. Rxa7 Rxa7 41. Rxc8 $11) 35... gxf4 36.
gxf4+ Kxf4 37. Ra6 Ke4 38. Rc6 Nd3 {Threatening ...f4.} (38... f4 {would
provoke a very original rook endgame, but it also ends in a draw:} 39. Raxc1
fxe3+ 40. Ke2 Rxc6 41. dxc6 d5 42. c7 d4 43. Rc4 e5 44. a4 Kf4 $1 45. a5 e4 $1
46. Rxd4 Rxc7 $11) 39. Nxf5 $1 {We were both in a deep time trouble here, so
the last moves were tense.} Nb4 $1 40. Nxe7 $1 Nxc6 {All the last moves were
kind of forced. Now White has the option to play creatively (accepting a risk
as well) and go for the exchange sacrifice with 41.dxc6.} 41. Nxc8 $11 {
Now it's a simple draw.} (41. dxc6 Rf8 $1 {during the game, I thought I was
better here, but it is not that simple:} 42. Kc3 {I saw this move, but thought
it was losing to ...Rxf3 and ...Rxe7.} Rf3+ 43. Kc4 Rxe7 44. Re1+ Re3 45. Rxe3+
Kxe3 46. Kd5 $1 {The key. Now White is very active.} Kd3 47. a4 (47. Kxd6 Re8
48. Kd7 Rg8 49. c7 Kc4 $11) 47... Re5+ 48. Kxd6 Kd4 49. c7 Rd5+ 50. Kc6 Rc5+
51. Kb7 Kc4 $1 {miraculously, Black gets there in time.} 52. c8=Q Rxc8 53. Kxc8
Kb4 $11) 41... Kxd5 42. Nxa7 Nxa7 43. b6 Rb7 44. bxa7 Rxa7 45. a4 Kc4 46. Ke3
Re7+ 47. Kf3 d5 48. a5 Ra7 49. a6 Kb5 50. Ke3 Rxa6 51. Rxa6 Kxa6 52. Kd4 Kb7 {
[%csl Rf7,Rf8] Black loses the h7-pawn, but is in time to reach the crucial
squares of f7-f8.} 1/2-1/2

[Event "Lausanne op"]
[Site "Lausanne"]
[Date "2004.09.20"]
[Round "7"]
[White "Petrosian, Tigran L"]
[Black "Pelletier, Yannick"]
[Result "1/2-1/2"]
[WhiteElo "2537"]
[BlackElo "2597"]
[Annotator "Pelletier,Y"]
[PlyCount "90"]
[EventDate "2004.09.17"]
[EventType "swiss"]
[EventRounds "7"]
[EventCountry "SUI"]
[SourceTitle "CBM 102 Extra"]
[Source "ChessBase"]
[SourceDate "2004.11.03"]
[SourceVersion "1"]
[SourceVersionDate "2004.11.03"]
[SourceQuality "1"]

1. Nf3 Nf6 2. g3 b6 3. Bg2 Bb7 4. O-O c5 5. d3 g6 6. e4 d6 7. Nc3 {Mein junger
Gegner ist ein bekannter und geübter ICC-Boy. Zweiffellos hat er mit diesem
sonst seltenen System in hunderten Internet-Blitzpartien schon Praxis sammeln
können!} Bg7 8. Bg5 O-O 9. Qd2 Nc6 10. Rae1 Qd7 {Hier begann er aber zu
überlegen. Der Textzug enthält eine kleine Pointe.} 11. Nd5 (11. Nh4 Nd4) 11...
Nxd5 12. exd5 Ne5 13. Nxe5 ({Hier ist sie. Nach} 13. Nh4 {, spielt Schwarz den
unnatürlichen} f6 $1 {[%csl Rd5] und gewinnt dank folgendem g6-g5 den Bauern
d5.}) 13... dxe5 14. c4 Rae8 15. Bh6 (15. b4 {braucht der Nachziehende nicht
zu fürchten:} cxb4 16. Qxb4 e6 17. d6 Bxg2 18. Kxg2 Rc8 (18... f6 $5 19. Be3
Rc8 20. Rc1 Rfd8 21. c5 $132) 19. Be7 Rfe8 20. Qb5 Rc6 $11 {Nach Bf8 fällt
nämlich d6.}) 15... Bxh6 (15... e6 16. Bxg7 Kxg7 17. dxe6 Rxe6 18. Bxb7 Qxb7
19. f4 $11) 16. Qxh6 e6 17. dxe6 (17. f4 exf4 18. gxf4 (18. dxe6 $2 Qd4+ 19.
Rf2 fxe6 $1) 18... exd5 19. Rxe8 Rxe8 20. f5 Qe7 $15) 17... Rxe6 18. Bxb7 Qxb7
19. f4 Qd7 20. f5 Rf6 (20... gxf5 {ist auch nicht besonders gefährlich:} 21.
Qg5+ Rg6 22. Qxf5 Qxf5 23. Rxf5 f6 {, auch wenn die weisse Stellung etwas
angenehmer ist.}) 21. Rxe5 Qxd3 22. b3 Qd4+ 23. Qe3 Qxe3+ 24. Rxe3 Rd8 {
Mit Remisangebot. Mein Gegner entschied, etwas länger zu spielen.} 25. Re7 a5
26. fxg6 Rxf1+ 27. Kxf1 hxg6 28. Ke2 Kg7 29. Rb7 Rd6 30. Ke3 g5 $5 31. Ke4 Kf6
32. h4 gxh4 33. gxh4 Rd4+ 34. Kf3 Rd6 35. Ke4 a4 $5 36. Ke3 axb3 37. axb3 Kg6
38. h5+ Kxh5 39. Rxf7 Kg6 40. Rf8 Rf6 41. Rb8 Re6+ 42. Kd3 Kf7 43. Kc3 Ke7 44.
Rb7+ Kd8 45. Rh7 Re7 1/2-1/2

[Event "Elekes Memorial GM 27th"]
[Site "Budapest"]
[Date "2002.05.19"]
[Round "2"]
[White "Almasi, Istvan"]
[Black "Postny, Evgeny"]
[Result "0-1"]
[WhiteElo "2437"]
[BlackElo "2482"]
[Annotator "Postny,E"]
[PlyCount "76"]
[EventDate "2002.05.18"]
[EventType "tourn"]
[EventRounds "11"]
[EventCountry "HUN"]
[EventCategory "8"]
[SourceTitle "CBM 089"]
[Source "ChessBase"]
[SourceDate "2002.08.12"]
[SourceVersion "1"]
[SourceVersionDate "2002.08.12"]
[SourceQuality "1"]

1. Nf3 Nf6 2. g3 b6 3. Bg2 Bb7 4. O-O e6 5. d3 d5 6. Nbd2 Be7 7. e4 dxe4 ({
Another continuation is} 7... c5) 8. dxe4 O-O ({But not} 8... Nxe4 $4 9. Ne5 f5
(9... Nd6 10. Bxb7 Nxb7 11. Qf3 $18 {[%csl Ra8,Rb7,Rf7]}) 10. Qh5+ (10. Bxe4 $1
fxe4 11. Qh5+ $18) 10... g6 11. Nxg6 Nf6 12. Qh3 Bxg2 13. Qxg2 hxg6 14. Qxa8 {
+/-/+- 1/2-1/2 Ignatenko,V-Sviridov,A/Ekaterinburg 1996/EXT 2000 (36)}) 9. Qe2
(9. e5 Nfd7 10. Re1 a5 11. a4 Nc5 12. Qe2 Nba6 13. Nc4 Qe8 14. b3 Rd8 15. Bb2
Nb4 16. Rac1 Rd7 17. Red1 Qa8 $11 {1/2-1/2 Psakhis,L-Rausis,I/Andorra 2001/CBM
83 ext (23)}) 9... Nc6 10. e5 Nd7 11. Rd1 {White has got some space advantage,
but black's position is out of weaknesses. The chances are about equal.} Qc8
12. Nf1 Rd8 13. Bf4 $146 (13. h4 Nf8 14. Bg5 Bxg5 15. hxg5 Ng6 16. N1h2 Rxd1+
17. Rxd1 Qe8 18. Ng4 Rd8 $11 {0-1 Christoph,M-Capelan,G/Voelklingen 1970/EXT
2001 (25)}) 13... Nc5 14. h4 {A typical plan for this opening. However the
exchanges on the "d" file will highly reduce white's attacking potential.} Rxd1
15. Rxd1 Qe8 $11 {[%cal Ya8d8]} 16. h5 {The inclusion of these move (h5-h6) is
probably better for black, since the Ph5 may become a weakness.} h6 17. Nd4
Nxd4 18. Rxd4 Bxg2 19. Kxg2 Rd8 20. Be3 $2 {This mistake allows black to put a
pressure on white's position.} (20. Rxd8 Qxd8 21. Qf3 $11) 20... Rxd4 21. Bxd4
Qa4 $1 {[%csl Ra2,Rd4] Forcing white for the following exchange.} 22. Bxc5 Bxc5
23. a3 Qc6+ ({An interesting idea} 23... b5 $5 {fixing white's queenside pawns
was suggested by I.Almasi after the game.}) 24. Kh2 ({In case of} 24. Qf3 $2
Qxf3+ 25. Kxf3 Bd4 {[%csl Rb2,Re5] white is losing the pawn.}) 24... Qd5 25. c3
$2 ({After} 25. c4 Qd4 26. Kg2 {white has good drawing chances.}) {[%tqu "En",
"What would you suggest for black?","","","d5a2","",10]} 25... Qa2 $1 {[%cal
Gc5a3] Black's Q penetration into white's camp is very effective here.} 26. Qb5
$2 ({The only defense was} 26. Qd2 $8 {I intended to play} Qb1 {[%csl Re5,Rh5]
starting to attack white's weaknesses.}) 26... c6 $19 {Now white's position
falls apart.} 27. Qxc6 Qxb2 {[%csl Ra3,Rc3,Rf2]} 28. Qa8+ Bf8 29. Kg2 Qxa3 30.
c4 a5 {The passed pawn decides the game. White's Q alone is not able to create
any counterthreat and white's N is very passive and out of good prospects.} 31.
Ne3 Qc5 32. Nd5 {Desperation...} exd5 33. cxd5 Kh7 {More precise was 33...a4,
but I wanted to play safely.} (33... a4 34. d6 Qd4 35. Qe8 a3 36. d7 a2) 34. d6
Bxd6 35. Qe4+ Kg8 36. exd6 Qxd6 37. Qe8+ Qf8 38. Qb5 Qa8+ 0-1

[Event "FRA-ch 58 Championnat"]
[Site "Belfort"]
[Date "1983.08.27"]
[Round "14"]
[White "Manouck, Thierry"]
[Black "Haik, Aldo"]
[Result "0-1"]
[WhiteElo "2375"]
[BlackElo "2400"]
[Annotator "Primel,D"]
[PlyCount "66"]
[EventDate "1983.08.12"]
[EventType "tourn"]
[EventRounds "15"]
[EventCountry "FRA"]
[EventCategory "2"]
[SourceTitle "EXT 2016"]
[Source "ChessBase"]
[SourceDate "2015.10.08"]
[SourceVersion "1"]
[SourceVersionDate "2015.10.08"]
[SourceQuality "1"]

1. c4 e6 2. Nf3 b6 3. g3 Bb7 4. Bg2 Nf6 5. O-O Be7 6. b3 O-O 7. Bb2 d6 (7... c5
$142 {[%csl Gd4]}) 8. Nc3 Nbd7 9. Re1 d5 10. d3 c5 11. e4 d4 12. Nb1 e5 13. Nh4
g6 14. Bh3 Ne8 15. Ng2 Ng7 16. Nd2 Bd6 17. Bc1 f5 $132 18. exf5 gxf5 19. f4 $8
exf4 20. gxf4 (20. Nxf4 $5 Bxf4 21. gxf4 Qh4 22. Bg2 Bxg2 23. Kxg2 Qxf4 24. Nf3
Qd6 25. Rg1 $1 Kh8 26. Kh1 f4 $1 {[%csl Rc1]} 27. Qe2 (27. Bd2 Nf5 $40 {
[%csl Re3]} (27... Nf6)) 27... Rae8 28. Qg2 $44) 20... Qf6 $17 21. Nf3 Rae8 22.
Rxe8 (22. Bd2) 22... Rxe8 23. Qf1 Qh6 24. Ng5 Qh5 $19 25. Ne1 Qd1 (25... Rxe1
26. Qxe1 Qg6 (26... h6) 27. Kf2) 26. Ng2 Qxf1+ 27. Kxf1 h6 28. Ne4 {suite
manquante du fichier précédent} fxe4 29. Bxd7 Re7 30. Bh3 e3 31. Ke2 Nh5 32.
Bb2 Bxg2 33. Bxg2 Nxf4+ {Une victoire importante du MI car elle lui permet de
revenir à 1/2 point du leader HERB qui a annulé rapidement cette
avant-dernière ronde.} 0-1